000 00434nam a2200181Ia 4500
001 18698
003 GE_BSU
008 181216s||||||||xx |||||||||||||| ||und||
040 _cGE_BSU
245 4 _aThe Economist.№9107.2018.
245 _b19TH-25TH
260 _bThe Economist
260 _c2018წელი
300 _a82p;26cm.
653 _aThe Economist №9107.2018.
653 _aპერიოდიკა
942 _cCR
999 _c51707
_d51707